[Event "Karlstad op"]
[Site "Karlstad"]
[Date "2019.12.28"]
[Round "5"]
[White "Johansson, Lars Erik"]
[Black "Rifai, Abdulkader"]
[Result "0-1"]
[WhiteElo "2156"]
[BlackElo "2192"]
[PlyCount "66"]
[EventDate "2019.12.27"]
[EventType "swiss"]
[EventRounds "8"]
[EventCountry "SWE"]
[SourceTitle "CBM 195 Extra"]
[Source "ChessBase"]
[SourceDate "2020.05.31"]
[SourceVersion "1"]
[SourceVersionDate "2020.05.31"]
[SourceQuality "1"]

1. e4 d5 2. exd5 Qxd5 3. Nc3 Qa5 4. d4 Nf6 5. Bc4 Nc6 6. Nf3 Bg4 7. Be3 0-0-0 8. Qe2 Nxd4 9. Bxd4 Rxd4 10. Bd3 e6 11. 0-0-0 Rb4 12. b3 Bxf3 13. Qxf3 Rxb3 14. cxb3 Qxc3+ 15. Kb1 Ba3 16. Qe2 Nd5 17. Bc4 Nb4 18. Qd2 Qf6 19. g3 Nc6 20. f4 Rd8 21. Qe2 Qf5+ 22. Bd3 Qa5 23. Bc4 Nd4 24. Qg2 Rd6 25. Rhe1 g6 26. Qf2 h5 27. Re5 Qc3 28. Re3 Qa5 29. Red3 c5 30. Re3 b5 31. Re5 bxc4 32. Rxd4 Qc3 33. Rxc4 Rd1# 0-1

[Event "Bratto op 36th"]
[Site "Bratto"]
[Date "2016.08.28"]
[Round "9"]
[White "Rifai, Abdulkader"]
[Black "Sveshnikov, Vladimir"]
[Result "0-1"]
[WhiteElo "2194"]
[BlackElo "2404"]
[PlyCount "72"]
[EventDate "2016.08.20"]
[EventType "swiss"]
[EventRounds "9"]
[EventCountry "ITA"]
[SourceTitle "CBM 174 Extra"]
[Source "ChessBase"]
[SourceDate "2016.10.10"]
[SourceVersion "1"]
[SourceVersionDate "2016.10.10"]
[SourceQuality "1"]

1. e4 Nf6 2. e5 Nd5 3. f4 d6 4. d4 dxe5 5. fxe5 Bf5 6. Nf3 e6 7. a3 c5 8. Bb5+ Nc6 9. 0-0 cxd4 10. Nxd4 Bc5 11. Kh1 Bxd4 12. Qxd4 0-0 13. Bxc6 bxc6 14. c4 Nb6 15. Qf4 Qd3 16. Nd2 Rad8 17. b3 Qc3 18. Ra2 Rd3 19. a4 Rfd8 20. a5 Nd7 21. Nf3 Nf8 22. Nd2 Ng6 23. Qf2 R8d7 24. Nf3 h6 25. Qb2 Qxb3 26. Qf2 Rd1 27. Rd2 Rxf1+ 28. Qxf1 Rxd2 29. Bxd2 c5 30. Qc1 Be4 31. Qc3 Qd1+ 32. Be1 Qe2 33. Kg1 Nf4 34. Bf2 Qd1+ 35. Qe1 Bxf3 36. gxf3 Qxf3 0-1

[Event "Bratto op 36th"]
[Site "Bratto"]
[Date "2016.08.21"]
[Round "2"]
[White "Borgo, Giulio"]
[Black "Rifai, Abdulkader"]
[Result "1-0"]
[WhiteElo "2365"]
[BlackElo "2194"]
[PlyCount "93"]
[EventDate "2016.08.20"]
[EventType "swiss"]
[EventRounds "9"]
[EventCountry "ITA"]
[SourceTitle "CBM 174 Extra"]
[Source "ChessBase"]
[SourceDate "2016.10.10"]
[SourceVersion "1"]
[SourceVersionDate "2016.10.10"]
[SourceQuality "1"]

1. Nf3 d5 2. d4 Nf6 3. c4 c6 4. e3 e6 5. b3 Bb4+ 6. Bd2 Bd6 7. Nc3 0-0 8. Bd3 Nbd7 9. Qc2 Re8 10. Rd1 dxc4 11. Bxc4 e5 12. Ng5 Rf8 13. Nce4 Nxe4 14. Nxe4 Be7 15. Bc3 exd4 16. Rxd4 Qc7 17. Be2 f5 18. Ng3 Ne5 19. Nh5 b5 20. Nxg7 Kxg7 21. f4 Kg8 22. fxe5 Be6 23. Rf4 Qb6 24. 0-0 Qxe3+ 25. Kh1 Qb6 26. Bd3 Qc5 27. Qb2 Bg5 28. Bb4 Qd5 29. R4f3 Rf7 30. Bd6 Rd8 31. Qc2 f4 32. Be4 Bf5 33. Bxf5 Rxd6 34. Bxh7+ Rxh7 35. exd6 Qxd6 36. Qf5 Bh6 37. Rd3 Qf8 38. Qg6+ Bg7 39. Qxc6 Rh6 40. Qxb5 Kh7 41. Rdf3 Rf6 42. Qa4 Qd6 43. Qe4+ Kg8 44. Rxf4 Re6 45. Qa8+ Kh7 46. Rh4+ Kg6 47. Qf3 1-0

[Event "Omegna op 4th"]
[Site "Omegna"]
[Date "2016.08.07"]
[Round "4"]
[White "Barletta, Mauro"]
[Black "Rifai, Abdulkader"]
[Result "1/2-1/2"]
[WhiteElo "2147"]
[BlackElo "2194"]
[PlyCount "77"]
[EventDate "2016.08.05"]
[EventType "swiss"]
[EventRounds "5"]
[EventCountry "ITA"]
[SourceTitle "EXT 2018"]
[Source "ChessBase"]
[SourceDate "2017.10.13"]
[SourceVersion "1"]
[SourceVersionDate "2017.10.13"]
[SourceQuality "1"]

1. d4 d5 2. Bg5 h6 3. Bh4 g5 4. Bg3 Bg7 5. e3 c5 6. Nc3 cxd4 7. exd4 Nc6 8. Nb5 f5 9. Nc7+ Kf8 10. Nxa8 f4 11. Nf3 fxg3 12. hxg3 Bg4 13. c3 Qxa8 14. Qb3 e6 15. 0-0-0 Nge7 16. Be2 Bf5 17. Rhe1 Kf7 18. g4 Bg6 19. Bd3 Re8 20. Kb1 Qb8 21. g3 b5 22. Qc2 b4 23. Bxg6+ Nxg6 24. c4 Qd8 25. Re3 Na5 26. cxd5 Qxd5 27. Ne5+ Bxe5 28. dxe5 Qc6 29. Qxc6 Nxc6 30. f4 Nge7 31. Rd7 Rf8 32. Re4 a5 33. Rc4 Ke8 34. Rd6 Nd8 35. Rcd4 Ndc6 36. Rc4 Nd8 37. Rcd4 Nec6 38. Rc4 Ne7 39. Rcd4 1/2-1/2

[Event "Omegna op 4th"]
[Site "Omegna"]
[Date "2016.08.07"]
[Round "5"]
[White "Rifai, Abdulkader"]
[Black "Tolibayev, Timur"]
[Result "1-0"]
[WhiteElo "2194"]
[BlackElo "2096"]
[PlyCount "57"]
[EventDate "2016.08.05"]
[EventType "swiss"]
[EventRounds "5"]
[EventCountry "ITA"]
[SourceTitle "EXT 2018"]
[Source "ChessBase"]
[SourceDate "2017.10.13"]
[SourceVersion "1"]
[SourceVersionDate "2017.10.13"]
[SourceQuality "1"]

1. e4 e5 2. Nf3 Nf6 3. Nxe5 d6 4. Nxf7 Kxf7 5. Nc3 Qe8 6. d4 c5 7. Bc4+ Be6 8. d5 Bg4 9. f3 Bc8 10. g4 h5 11. g5 Ng8 12. f4 g6 13. Qd3 Ne7 14. Be3 Bg7 15. 0-0-0 a6 16. a4 Rf8 17. Bxc5 dxc5 18. d6+ Be6 19. Bxe6+ Kxe6 20. dxe7 Kxe7 21. Nd5+ Kf7 22. Nc7 Qc6 23. Qc4+ Ke7 24. Nxa8 b5 25. Qd5 Qxd5 26. exd5 Kd7 27. Rhe1 Rxf4 28. Nb6+ Kc7 29. a5 1-0

[Event "Arvier Grand Paradis op-A"]
[Site "Arvier"]
[Date "2016.07.26"]
[Round "3"]
[White "Rifai, Abdulkader"]
[Black "Nester, Ihor"]
[Result "1-0"]
[WhiteElo "2252"]
[BlackElo "2300"]
[PlyCount "43"]
[EventDate "2016.07.24"]
[EventType "swiss"]
[EventRounds "6"]
[EventCountry "ITA"]
[SourceTitle "EXT 2017"]
[Source "ChessBase"]
[SourceDate "2016.10.25"]
[SourceVersion "1"]
[SourceVersionDate "2016.10.25"]
[SourceQuality "1"]

1. e4 d6 2. d4 Nf6 3. Nc3 e5 4. Nf3 Nbd7 5. g4 exd4 6. Nxd4 Nc5 7. Bb5+ c6 8. g5 Ng8 9. Nxc6 bxc6 10. Bxc6+ Bd7 11. Bxa8 Qxa8 12. Bf4 Qc6 13. Qd2 Ne7 14. 0-0-0 Nc8 15. e5 Ne6 16. Rhe1 Nxf4 17. Qxf4 Be6 18. Qd4 Qb6 19. Qa4+ Kd8 20. exd6 Bxd6 21. f4 Kc7 22. f5 1-0

[Event "Arvier Grand Paradis op-A"]
[Site "Arvier"]
[Date "2016.07.25"]
[Round "2"]
[White "Mrdja, Milan"]
[Black "Rifai, Abdulkader"]
[Result "1-0"]
[WhiteElo "2330"]
[BlackElo "2252"]
[PlyCount "137"]
[EventDate "2016.07.24"]
[EventType "swiss"]
[EventRounds "6"]
[EventCountry "ITA"]
[SourceTitle "EXT 2017"]
[Source "ChessBase"]
[SourceDate "2016.10.25"]
[SourceVersion "1"]
[SourceVersionDate "2016.10.25"]
[SourceQuality "1"]

1. e4 d5 2. exd5 Qxd5 3. Nc3 Qa5 4. Bc4 Nf6 5. h3 e5 6. d3 Bd6 7. Bd2 Qb6 8. Nf3 0-0 9. 0-0 a5 10. Be3 c5 11. Ng5 a4 12. Rb1 Qd8 13. Nge4 b6 14. Qf3 Nxe4 15. Nxe4 Ra7 16. Qg3 Kh8 17. Nxd6 Qxd6 18. f4 Nc6 19. c3 f6 20. fxe5 Nxe5 21. Bf4 Re8 22. Rbe1 h6 23. Bxe5 fxe5 24. Bb5 Re6 25. Bc4 Re8 26. Bf7 Rf8 27. Bg6 Rxf1+ 28. Rxf1 Be6 29. a3 Bg8 30. Be4 Rf7 31. Re1 Rf4 32. Qg6 Qd8 33. Re3 Rf6 34. Qh5 Qe7 35. Bf3 g5 36. Be4 Qf8 37. Qe2 Qd6 38. Qe1 Bf7 39. Bf3 Re6 40. h4 Bg6 41. Bg4 Re7 42. Qg3 h5 43. Bd1 gxh4 44. Qxh4 Bxd3 45. Bxh5 Bh7 46. Qg3 Qf6 47. Rf3 Qg7 48. Qf2 e4 49. Rf8+ Bg8 50. Be2 Qg5 51. Qf6+ Qxf6 52. Rxf6 Re6 53. Rxe6 Bxe6 54. Kf2 Kg7 55. Ke3 Bd5 56. Kf4 Kg6 57. g4 Kf6 58. g5+ Kg6 59. Bg4 b5 60. Bd1 e3 61. Bc2+ Kh5 62. Bb1 Bc6 63. Bd3 Bd7 64. g6 e2 65. Bxe2+ Kxg6 66. Ke5 c4 67. Bf3 Kf7 68. Kd6 Be8 69. Bc6 1-0